| 000 | 00419cam a22001217a 4500 | ||
|---|---|---|---|
| 008 | 180718bn.d. xxu||||| |||| 00| 0 eng d | ||
| 082 | _aA81x54 In2/81/1/Pap1/1981 | ||
| 100 | _aCensus of India 1981 | ||
| 245 | _aIndia: provisional population totals | ||
| 260 |
_aNew Delhi _bRegistrar General and Census Commissioner for India _cn.d. |
||
| 300 | _a65+p. | ||
| 440 | _aCensus of India 1981. Series-1, India. Paper 1 of 1981 | ||
| 999 |
_c481875 _d481875 |
||